| 000 | nkm a22 a 4500 | ||
|---|---|---|---|
| 999 |
_c346171 _d346171 |
||
| 003 | BLK | ||
| 005 | 20191024152321.0 | ||
| 008 | 191024b bu ||||| |||| 00| 0 bu d | ||
| 040 | _aBLK | ||
| 041 |
_aBUL _cBUL |
||
| 080 |
_aФотография на човек, тяло, лице, портрет. Битов жанр _b77.041 |
||
| 245 | _aМихаил Арнаудов и русенският врадика Михаил 1936 | ||
| 300 | _c8 Х 14 см | ||
| 380 | _a5 | ||
| 490 |
_9396381 _aЧастна колекция - Академик Михаил Арнаудов _gДарение - основен фонд |
||
| 505 |
_tСнимка - в цял ръст., във вид на пощенска картичка от фото Ставрев - 2 бр.- _tДоростолски и Червенски митрополит Михаил 1927 - 1944, живее и работи в Русе |
||
| 852 | _aМА 5050 | ||
| 942 |
_2udc _cPHO _n0 _s1 |
||